| 000 | 01093cam a22003015a 4500 | ||
|---|---|---|---|
| 005 | 20201128024330.0 | ||
| 008 | 900328t1987 enka frb 001 0 eng d | ||
| 020 | _a0140091122 | ||
| 020 | _a9780140091120 | ||
| 040 |
_aUk _cUk _dEG-ScBUE _beng |
||
| 082 | 0 | 4 |
_a658.4012 _222 _bANS |
| 100 | 1 |
_aAnsoff, H. Igor, _d1918- |
|
| 245 | 1 | 0 |
_aCorporate strategy / _cH. Igor Ansoff ; assisted by Edward J. McDonnell ; with an introduction by J. H. Harvey-Jones. |
| 250 | _aRev. ed. | ||
| 260 |
_aMiddlesex : _bPenguin Books, _cc.1987. |
||
| 300 |
_a284 p. : _bill. ; _c20 cm. |
||
| 490 | 0 | _aPenguin business library | |
| 504 | _aIncludes bibliographical references and index. | ||
| 650 | 7 |
_aCorporate planning. _2BUEsh |
|
| 650 | 7 |
_aIndustrial management. _2BUEsh _91569 |
|
| 651 | _2BUEsh | ||
| 653 |
_bBUSADM _cApril2018 _cMay2018 |
||
| 690 | 7 |
_aManagement and Business Studies _2blcoll |
|
| 700 | 1 |
_aMcDonnell, Edward J., _tassisted author. |
|
| 700 | 1 |
_aHarvey-Jones, J. H., _tan introduction by. |
|
| 886 | 2 |
_2ukmarc _a900 _b10 _aAnsoff _hIgor _xSee _aAnsoff, H. Igor, _x1918- _z100 |
|
| 942 | _2ddc | ||
| 999 |
_c26608 _d26580 |
||